Datum a čas kvízu
26.5
Celkem bodů
Celkový počet nahraných bodů na tomto kvízu bez doplňovacích otázek.
12.
Pořadí na kvízu
Konečné umístění týmu na tomto kvízu.
Zaznamenané odpovědi
| # | Otázka | Odpověď | Body | Výsledky |
|---|---|---|---|---|
| 1. | Minulý týden byla spuštěna rek... | Pokáč | 1 | |
| 2. | Mezi Botswanou a jedním evrops... | o Německu | 0 | |
| 3. | Ve středu zveřejnil americký č... | Taylor Swift | 1 | |
| 4. | Od 1. 4. 2024 se mění podmínky... | A | 1 | |
| 5. | V pondělí odpoledne bylo oznám... | Formule 1 | 0 | |
| 6. | Nobelovu cenu za objev krevníc... | Jan Janský | 1 | |
| 7. | Kterým slovem na M se označuje... | menarche/menarché | 0 | |
| 8. | Vyberte pravdivé tvrzení: | D | 0 | |
| 9. | Hemofilie je geneticky podmíně... | Alexej; chromozom X | 0 | |
| 10. | Uveďte rodové jméno zvířete, p... | makak (makak rhesus) | 0 |